Yield manažment ako nástroj podnikovej diagnostiky
Teória yield manažmentu a jeho nástrojov, vymedzenie pojmu a špecifiká využitia. Yield manažment patrí medzi manažérske metódy, ktoré využíva čoraz väčší počet podnikov. Konkurencia a technologický rozvoj turbulentných zmien v podnikateľskom prostredí.
Salvato in:
| Autore principale: | |
|---|---|
| Natura: | Capitolo di libro |
| Lingua: | slovacco |
| Soggetti: | |
| Tags: |
Nessun Tag, puoi essere il primo ad aggiungerne!!
|
MARC
| LEADER | 00000nla a2200000 4500 | ||
|---|---|---|---|
| 001 | 0214497 | ||
| 005 | 20240502073603.3 | ||
| 041 | 0 | |a slo | |
| 044 | |a SK | ||
| 245 | 1 | 0 | |a Yield manažment ako nástroj podnikovej diagnostiky |c Mária Braunová |
| 520 | |a Teória yield manažmentu a jeho nástrojov, vymedzenie pojmu a špecifiká využitia. Yield manažment patrí medzi manažérske metódy, ktoré využíva čoraz väčší počet podnikov. Konkurencia a technologický rozvoj turbulentných zmien v podnikateľskom prostredí. | ||
| 610 | 2 | 0 | |a manažment |
| 610 | 2 | 0 | |a manažéri |
| 610 | 2 | 0 | |a rozhodovanie manažérske |
| 610 | 2 | 0 | |a metódy riadenia |
| 610 | 2 | 0 | |a technika riadenia |
| 610 | 2 | 0 | |a diagnostika podniková |
| 610 | 2 | 0 | |a konkurencia |
| 100 | 1 | |a Braunová, Mária | |